|
|
|
|
| LEADER |
00000nam0a2200000 4500 |
| 001 |
315953 |
| 005 |
20231102002828.0 |
| 035 |
|
|
|a (RuTPU)RU\TPU\book\341390
|
| 090 |
|
|
|a 315953
|
| 100 |
|
|
|a 20160314d1916 m y0rusy50 ca
|
| 101 |
0 |
|
|a rus
|
| 102 |
|
|
|a RU
|
| 105 |
|
|
|a y z 000zy
|
| 200 |
1 |
|
|a Преступление и наказание в математической зависимости. Идея и схема ее применения
|f Н. Д. Оранжиреев
|
| 210 |
|
|
|a Москва
|c Типо-литография Т-ва И. Н. Кушнерев и К
|d 1916
|
| 215 |
|
|
|a [69] с.
|
| 300 |
|
|
|a Текст в русской дореформенной орфографии
|
| 316 |
|
|
|5 63413507: М-132651
|a Владельческая подпись: "Бутаков". Неполный экземпляр, отсутствуют страницы с 17 по 69
|
| 317 |
|
|
|5 63413507: М-132651
|a Поступила в НТБ в 1970 г. в составе книжного собрания профессора ТПИ И. Н. Бутакова
|
| 606 |
1 |
|
|a Судебные процессы
|x История
|2 stltpush
|3 (RuTPU)RU\TPU\subj\64975
|9 81640
|
| 610 |
1 |
|
|a преступления
|
| 610 |
1 |
|
|a наказание
|
| 610 |
1 |
|
|a математические приемы
|
| 610 |
1 |
|
|a владельческая надпись
|
| 610 |
1 |
|
|a библиотека И. Н. Бутакова
|
| 686 |
|
|
|a Т3(0)
|2 rubbk
|
| 700 |
|
1 |
|a Оранжиреев
|b Н. Д.
|
| 801 |
|
1 |
|a RU
|b 63413507
|c 20160314
|
| 801 |
|
2 |
|a RU
|b 63413507
|c 20190801
|g RCR
|
| 942 |
|
|
|c BK
|